Điều trị các tật khúc xạ bằng lade excimer

Nội dung sách nhằm cung cấp cho độc giả những thông tin ngắn dọn về phương pháp điều trị khúc xạ bằng lade.

Spremljeno u:
Bibliografski detalji
Glavni autor: Phan Dẫn
Daljnji autori: Phạm Trọng Văn
Format: Knjiga
Jezik:Vietnamese
Izdano: H. Y học 2001
Teme:
Oznake: Dodaj oznaku
Bez oznaka, Budi prvi tko označuje ovaj zapis!
Thư viện lưu trữ: Thư viện Trường Đại học Nam Cần Thơ
LEADER 01214nam a22002297a 4500
001 NCT_28450
008 180410b xxu||||| |||| 00| 0 vie d
999 |c 1366  |d 1366 
020 |c 9000 
082 0 4 |2 23rd ed.  |a 617.72  |b D121 
100 1 |a Phan Dẫn 
245 1 0 |a Điều trị các tật khúc xạ bằng lade excimer  |c Phan Dẫn, Phạm Trọng Văn 
260 |a H.  |b Y học  |c 2001 
300 |a 73tr.  |b minh họa  |c 19cm 
520 |a Nội dung sách nhằm cung cấp cho độc giả những thông tin ngắn dọn về phương pháp điều trị khúc xạ bằng lade. 
653 |a Dược học 
700 1 |a Phạm Trọng Văn 
942 |2 ddc  |c BK 
952 |0 0  |1 0  |2 ddc  |4 0  |6 617_720000000000000_D121  |7 0  |9 6758  |a 000001  |b 000001  |d 2018-04-10  |o 617.72 D121  |p MD.12111  |r 2018-04-10  |v 9000.00  |w 2018-04-10  |y BK 
952 |0 0  |1 0  |2 ddc  |4 0  |6 617_720000000000000_D121  |7 0  |9 6759  |a 000001  |b 000001  |d 2018-04-10  |o 617.72 D121  |p MD.12112  |r 2018-04-10  |v 9000.00  |w 2018-04-10  |y BK 
952 |0 0  |1 0  |2 ddc  |4 0  |6 617_720000000000000_D121  |7 0  |9 7564  |a 000001  |b 000001  |d 2018-04-23  |o 617.72 D121  |p MD.10837  |r 2018-04-23  |v 9000.00  |w 2018-04-23  |y BK 
980 |a Thư viện Trường Đại học Nam Cần Thơ